|
|
|
|
| LEADER |
02584nam a22004815i 4500 |
| 001 |
978-0-306-48381-3 |
| 003 |
DE-He213 |
| 005 |
20151204173533.0 |
| 007 |
cr nn 008mamaa |
| 008 |
100301s2003 xxu| s |||| 0|eng d |
| 020 |
|
|
|a 9780306483813
|9 978-0-306-48381-3
|
| 024 |
7 |
|
|a 10.1007/b100506
|2 doi
|
| 040 |
|
|
|d GrThAP
|
| 050 |
|
4 |
|a L1-991
|
| 072 |
|
7 |
|a JN
|2 bicssc
|
| 072 |
|
7 |
|a EDU000000
|2 bisacsh
|
| 082 |
0 |
4 |
|a 370
|2 23
|
| 100 |
1 |
|
|a Boss, Jeremy M.
|e author.
|
| 245 |
1 |
0 |
|a Academic Scientists at Work
|h [electronic resource] :
|b Navigating the Biomedical Research Career /
|c by Jeremy M. Boss, Susan H. Eckert.
|
| 264 |
|
1 |
|a Boston, MA :
|b Springer US,
|c 2003.
|
| 300 |
|
|
|a VII, 248 p. 135 illus.
|b online resource.
|
| 336 |
|
|
|a text
|b txt
|2 rdacontent
|
| 337 |
|
|
|a computer
|b c
|2 rdamedia
|
| 338 |
|
|
|a online resource
|b cr
|2 rdacarrier
|
| 347 |
|
|
|a text file
|b PDF
|2 rda
|
| 505 |
0 |
|
|a The Starting Gate -- Genttin’ a Job -- Gettin’ Started -- Gettin’ Money -- Managing Your Laboratory -- Faculty Citizenship -- Down The Stretch -- Being A Scholar -- Being A Teacher -- Mentoring 1-On-1 -- Academic Service -- The Finish Line -- Promotion and Tenure -- Survey Says...
|
| 520 |
|
|
|a Academic Scientists at Work guides the scientist on the journey from the end of a postdoctoral career to the point of promotion to Associate Professor. The book includes valuable advice on: -Choosing and getting your ideal academic job; -Setting up and effectively managing the lab; -Obtaining funds; -Teaching and mentoring; -The promotion and tenure process. Also offered are template worksheets and point-by-point instructions on how to complete them, with downloadable blank worksheet versions contained in the accompanying CD-ROM. Included are six database program files that can be used to help the reader organize his/her laboratory specific reagents. Academic Scientists at Work is a valuable resource for the Career Scientist who demands and expects the best.
|
| 650 |
|
0 |
|a Education.
|
| 650 |
|
0 |
|a Life sciences.
|
| 650 |
|
0 |
|a Science education.
|
| 650 |
1 |
4 |
|a Education.
|
| 650 |
2 |
4 |
|a Education, general.
|
| 650 |
2 |
4 |
|a Science Education.
|
| 650 |
2 |
4 |
|a Life Sciences, general.
|
| 650 |
2 |
4 |
|a Biomedicine general.
|
| 700 |
1 |
|
|a Eckert, Susan H.
|e author.
|
| 710 |
2 |
|
|a SpringerLink (Online service)
|
| 773 |
0 |
|
|t Springer eBooks
|
| 776 |
0 |
8 |
|i Printed edition:
|z 9780306474934
|
| 856 |
4 |
0 |
|u http://dx.doi.org/10.1007/b100506
|z Full Text via HEAL-Link
|
| 912 |
|
|
|a ZDB-2-SHU
|
| 912 |
|
|
|a ZDB-2-BAE
|
| 950 |
|
|
|a Humanities, Social Sciences and Law (Springer-11648)
|